00777nas a2200265 4500001001300000003000900013005001700022007000300039008003400042040005400076041000900130072001300139100001600152100002000168100001700188100001700205100001500222100001500237245008800252650000800340650001000348650001900358650002900377773010500406BR2011002761BR-BrBNA20231205114945.0ta230509b bl.|||p| |||| 00| 00por d aBR-BrBNAbporcBiblioteca Nacional de Agricultura a(Pt) aH20; F611 aBasso, M.F.1 aFajardo, T.V.M.1 aSantos, H.P.1 aGuerra, C.C.1 aAyub, R.A.1 aNickel, O.1 aFisiologia foliar e qualidade enológica da uva em videiras infectadas por vírus aUVA aVIRUS aFOTOSSÍNTESE aCOMPOSIÇÃO QUÍMICA0 tTropical Plant Pathology (Brazil)xISSN 1982-5676g(Nov-Dec 2010), v. 35(6) p. 351-359wBR2011002761